<?xml version="1.0" encoding="UTF-8"?>
<record
    xmlns:xsi="http://www.w3.org/2001/XMLSchema-instance"
    xsi:schemaLocation="http://www.loc.gov/MARC21/slim http://www.loc.gov/standards/marcxml/schema/MARC21slim.xsd"
    xmlns="http://www.loc.gov/MARC21/slim">

  <leader>00956nam a22002657a 4500</leader>
  <controlfield tag="005">20170123162354.0</controlfield>
  <datafield tag="010" ind1=" " ind2=" ">
    <subfield code="a">A-419319</subfield>
  </datafield>
  <datafield tag="020" ind1=" " ind2=" ">
    <subfield code="c">18.00</subfield>
  </datafield>
  <datafield tag="035" ind1=" " ind2=" ">
    <subfield code="a">A-419319</subfield>
  </datafield>
  <datafield tag="037" ind1=" " ind2=" ">
    <subfield code="b">Cen Lib/Ret</subfield>
  </datafield>
  <datafield tag="040" ind1=" " ind2=" ">
    <subfield code="a">DPL</subfield>
    <subfield code="b">UR</subfield>
  </datafield>
  <datafield tag="082" ind1=" " ind2=" ">
    <subfield code="a">848</subfield>
    <subfield code="b">&#x627; &#x62E; &#x62A; </subfield>
  </datafield>
  <datafield tag="100" ind1=" " ind2=" ">
    <subfield code="a">&#x627;&#x648;&#x631;&#x646;&#x648;&#x6CC;&#x60C; &#x627;&#x62E;&#x62A;&#x631; </subfield>
    <subfield code="9">399</subfield>
  </datafield>
  <datafield tag="245" ind1=" " ind2=" ">
    <subfield code="a">/ &#x628;&#x6C1;&#x627;&#x631; &#x645;&#x6CC;&#x6BA; &#x627;&#x62F;&#x631;&#x648; &#x632;&#x628;&#x627;&#x646; &#x6A9;&#x627; &#x627;&#x631;&#x62A;&#x642;&#x627;&#x621; &#x661;&#x668;&#x665;&#x667; &#x62A;&#x6A9; </subfield>
    <subfield code="c">&#x627;&#x62E;&#x62A;&#x631; &#x627;&#x648;&#x631;&#x646;&#x648;&#x6CC;</subfield>
  </datafield>
  <datafield tag="246" ind1=" " ind2=" ">
    <subfield code="a">Bahar main urdu zuban ka irtiqa 1857 tak /</subfield>
    <subfield code="b">by Akhtar Urainvi</subfield>
  </datafield>
  <datafield tag="260" ind1=" " ind2=" ">
    <subfield code="a">&#x646;&#x626;&#x6CC; &#x62F;&#x6C1;&#x644;&#x6CC;</subfield>
    <subfield code="b">&#x62A;&#x631;&#x642;&#x6CC; &#x627;&#x631;&#x62F;&#x648; &#x628;&#x648;&#x631;&#x648;</subfield>
    <subfield code="c">1989</subfield>
  </datafield>
  <datafield tag="270" ind1=" " ind2=" ">
    <subfield code="a">&#x688;&#x627;&#x626;&#x631;&#x6A9;&#x691;&#x626;&#x632; &#x641;&#x64A; &#x627;&#x631;&#x62F;&#x648; &#x628;&#x6CC;&#x648;&#x631;&#x648;&#x627;'&#x648;&#x628;&#x679; &#x628;&#x644;&#x627; &#x6A9;&#x62A;8 &#x622;&#x631; &#x6A9;&#x6D2; &#x67E;&#x648;&#x631; &#x645;</subfield>
    <subfield code="b">&#x646;&#x626;&#x6CC; &#x62F;&#x6C1;&#x644;&#x6CC;</subfield>
    <subfield code="e">110066</subfield>
  </datafield>
  <datafield tag="300" ind1=" " ind2=" ">
    <subfield code="a">347p.</subfield>
    <subfield code="c">21cm(Hb)</subfield>
  </datafield>
  <datafield tag="500" ind1=" " ind2=" ">
    <subfield code="a">&#x627;&#x646;&#x688;&#x6A9;&#x633; </subfield>
  </datafield>
  <datafield tag="650" ind1=" " ind2=" ">
    <subfield code="a">&#x627;&#x631;&#x62F;&#x648; &#x627;&#x62F;&#x628;</subfield>
    <subfield code="9">137868</subfield>
  </datafield>
  <datafield tag="650" ind1=" " ind2=" ">
    <subfield code="a">&#x627;&#x631;&#x62F;&#x648; &#x627;&#x641;&#x633;&#x627;&#x646;&#x6C1;  </subfield>
    <subfield code="x">  </subfield>
    <subfield code="9">889</subfield>
  </datafield>
  <datafield tag="650" ind1=" " ind2=" ">
    <subfield code="v"> </subfield>
    <subfield code="a">Urdu literature </subfield>
    <subfield code="9">137869</subfield>
  </datafield>
  <datafield tag="650" ind1=" " ind2=" ">
    <subfield code="a">Urdu fiction </subfield>
    <subfield code="v"> </subfield>
    <subfield code="9">891</subfield>
  </datafield>
  <datafield tag="942" ind1=" " ind2=" ">
    <subfield code="2">ddc</subfield>
    <subfield code="c">UR</subfield>
    <subfield code="h">848</subfield>
    <subfield code="m">&#x627; &#x62E; &#x62A; </subfield>
  </datafield>
  <datafield tag="999" ind1=" " ind2=" ">
    <subfield code="c">109450</subfield>
    <subfield code="d">109450</subfield>
  </datafield>
  <datafield tag="952" ind1=" " ind2=" ">
    <subfield code="0">0</subfield>
    <subfield code="1">0</subfield>
    <subfield code="4">0</subfield>
    <subfield code="7">0</subfield>
    <subfield code="a">L</subfield>
    <subfield code="b">L</subfield>
    <subfield code="d">2016-03-11</subfield>
    <subfield code="e">Cen Lib/Ref</subfield>
    <subfield code="g">18.00</subfield>
    <subfield code="l">0</subfield>
    <subfield code="o">848 &#x627; &#x62E; &#x62A;</subfield>
    <subfield code="p">A-419319</subfield>
    <subfield code="r">2016-03-11 00:00:00</subfield>
    <subfield code="t">1</subfield>
    <subfield code="v">18.00</subfield>
    <subfield code="w">2016-03-11</subfield>
    <subfield code="y">UR</subfield>
  </datafield>
</record>
